|
|
|
|
| LEADER |
01646nam a2200301 a 4500 |
| 001 |
4415 |
| 003 |
BD-DhAAL |
| 008 |
091012s1990 bg b 001 0 eng d |
| 999 |
|
|
|c 4530
|d 4530
|
| 040 |
|
|
|a BD-DhAAL
|
| 082 |
0 |
0 |
|a 309.1549205
|
| 245 |
1 |
0 |
|a Rural poverty in Bangladesh :
|b a report to the Like-Minded Group.
|
| 260 |
|
|
|a Dhaka, Bangladesh :
|b University Press, Ltd.,
|c 1990.
|
| 300 |
|
|
|a vi, 224 pages ;
|c 22 cm.
|
| 500 |
|
|
|a "This report was first issued by North-South Institute, Canada, for limited circulation in 1985. This edition is being published with the permission of North-South Institute."--T.p. verso.
|
| 504 |
|
|
|a Includes bibliographical references and index.
|
| 526 |
|
|
|a BIED
|
| 541 |
1 |
|
|a Complimentary copy from BIED
|e 4415, 35986
|
| 650 |
|
0 |
|a Poor
|z Bangladesh.
|9 39085
|
| 651 |
|
0 |
|a Bangladesh
|x Economic conditions.
|9 39086
|
| 651 |
|
0 |
|a Bangladesh
|x Rural conditions.
|9 39087
|
| 710 |
2 |
|
|a Like-Minded Group.
|9 39088
|
| 710 |
2 |
|
|a North-South Institute (Ottawa, Ont.)
|9 39089
|
| 852 |
4 |
|
|a Ayesha Abed Library
|j General Stacks
|
| 942 |
|
|
|2 ddc
|c BK
|
| 952 |
|
|
|0 0
|1 0
|2 ddc
|4 0
|6 309_154920500000000_RUR_1990
|7 0
|9 4263
|a BRACUL
|b BRACUL
|c GEN
|d 2009-10-12
|g 375.00
|l 1
|o 309.1549205 RUR
|p 3010004415
|r 2014-05-29
|s 2014-05-26
|t 1
|v 750.00
|w 2009-10-12
|y BK
|
| 952 |
|
|
|0 0
|1 0
|2 ddc
|4 0
|6 309_154920500000000_RUR
|7 0
|9 54100
|a SCL
|b SCL
|c GEN
|d 2015-06-08
|l 0
|o 309.1549205 RUR
|p 3020000660
|r 2015-06-08
|t 2
|w 2015-06-08
|y BK
|
| 952 |
|
|
|0 0
|1 0
|2 ddc
|4 0
|6 309_154920500000000_RUR
|7 0
|9 67770
|a BRACUL
|b BRACUL
|c GEN
|d 2020-01-21
|e Complimentary copy from BIED
|l 0
|o 309.1549205 RUR
|p 3010035986
|r 2020-01-21
|t 3
|w 2020-01-21
|y BK
|x Transferred from BIED to General Stacks
|